000 00779nam a2200205 a 4500
005 20260322212031.0
008 data
010 _a77-151880
096 _aWM 100 W429b 1971
100 1 _aWeil-Malherbe, Hans,
_d1905-
245 1 4 _aThe biochemistry of functional and experimental psychoses
_cby Hans Weil-Malherbe [and] Stephen I. Szara. With a foreword by Joel Elkes.
260 _aSpringfield, Ill.
_bThomas
_c 1971
300 _axviii, 406 p. ;
_c 24 cm.
490 0 _aAmerican lecture series, publication no. 817. A monograph in the Bannerstone division of American lectures in living chemistry
500 _aIncludes bibliographical references.
650 0 2 _aNeurochemistry
650 0 2 _aPsychotic Disorders
710 2 _aSzara, Stephen I.,
_d1923- joint author.
001 data
999 _c720
_d720